000 00690nam a2200193 i 4500
001 39134
003 ES-MaACL
005 20250718184447.0
007 t|
008 030227q1892 sp ||||1| spa d
100 1 _aCampe, Joachim Heinrich.
_934159
245 1 0 _aHistoria del descubrimiento y conquista de América /
_cescrita en alemán por Joachim Heinrich Campe ; notas y aclaraciones de Cesáreo Fernández Duro.
260 _aMadrid :
_b[s.n.,
_c1892?] (
_fImp. de Agustín Avrial)
300 _a2 t. ;
_c17 cm.
700 1 _aFernández Duro, Cesáreo,
_d1830-1908
_949752
852 _aES-MaACL
_jA-4716-17
852 _aES-MaACL
_jD-2400-1
999 _c39134
_d39134